000
00269nam a22001217a 4500
008
170923b xxu||||| |||| 00| 0 eng d
041
_a
eng
080
_a
37
100
_a
46
101
_a
EDU
245
_a
RESEARCH IN SPECIAL EDUCATION
_c
TAWNEY, J.W
942
_2
udc
_c
BK
999
_c
29393
_d
29393